| 000 | 00364nam a2200157Ia 4500 | ||
|---|---|---|---|
| 008 | 221030s9999 xx 000 0 und d | ||
| 020 | _a0070588929 | ||
| 041 | _aEnglish | ||
| 082 |
_a105.23 _bGus |
||
| 100 | _aM. Gussow | ||
| 245 | 0 |
_aSchaum`s Basic Electricity _cby M. Gussow |
|
| 260 |
_bTMH _aNew Delhi _c2004 |
||
| 300 | _a454 | ||
| 650 | _aECE | ||
| 942 | _cBK | ||
| 999 |
_c2911 _d2911 |
||